000 00924cab a2200253 4500
001 WB3410-49
008 090401t1998 xxu||||| |||| 00| 0 eng d
035 _a(Sirsi) u84863
041 _aeng
245 _aWarning on PII
260 _c1998
350 _a0
490 _aRICS Press Release
_v(pr09.corp) 9 March 1998, (2)
520 _aThe RICS warns chartered surveyors in the public and corporate sectors to check their PII position, as a new report, "Professional Liability in the Public and Corporate Sectors" reveals that many of these chartered surveyors may lack adequate professional indemnity insurance.
650 _aABOUT RICS-RICS MEMBERS
650 _aCORPORATE SECTOR
650 _aNEGLIGENCE
650 _aPROFESSIONAL INDEMNITY INSURANCE
650 _aPUBLIC SECTOR
650 _aRICS
690 _aMANAGEMENT-BUSINESS MANAGEMENT-PROFESSIONAL PRACTICE
942 _n0
948 _c13/03/1998
999 _c53369
_d53369